000 00263 a2200097 4500
000 nam a22 7a 4500
020 _a97806912086619
100 _aCampanella, Thomas J.
245 _aBrooklyn : the once and future city
260 _bPrinceton University Press,
_c2019
999 _c85844
_d85844